000 00961nam a2200205Ia 4500
003 OSt
005 20241030155855.0
007 ca aa aaaaa
008 201103s9999 xx 000 0 und d
040 _cSSBUL
041 _abur
082 _223
_a၂၉၄.၃၄၄၃၅ က
_b၉၁၁၀ S-SAT
100 0 _aကသစ်ဝိုင်ဆရာတော်ဘုရားကြီး။
_917259
245 1 0 _aကသစ်ဝိုင်ဝိပဿနာအလုပ်ပေးတရားတော်အမှတ်စဉ် (၂) /
_cကသစ်ဝိုင်ဆရာတော်ဘုရားကြီး။
260 _aရန်ကုန် ၊
_bဣစ္ဆာသယပိဋကတ်စာပုံနှိပ်တိုက်၊
_c၁၉၆၇။
300 _aအ၊ ၃၇၆ စာမျက်နှာ ၊
_c၁၈ စင်တီ။
500 _aS-SAT: Dr. Sai Aung Tun
650 _aဝိပဿနာ
_913507
942 _2ddc
_cBK1
999 _c16619
_d16619